Rivers of the world / (Record no. 7033)
[ view plain ]
| 000 -LEADER | |
|---|---|
| fixed length control field | 00751nam a2200241 i 4500 |
| 001 - CONTROL NUMBER | |
| JCCL Control Number | 7033 |
| 003 - CONTROL NUMBER IDENTIFIER | |
| JCCL marc code | BD-JhCC |
| 005 - DATE AND TIME OF LATEST TRANSACTION | |
| control field | 20180416101347.0 |
| 008 - FIXED-LENGTH DATA ELEMENTS--GENERAL INFORMATION | |
| fixed length control field | 770810m19659999enka j 000 0 eng |
| 035 ## - SYSTEM CONTROL NUMBER | |
| system control number | (BD-JhCC)7033 |
| 040 ## - CATALOGING SOURCE | |
| Original cataloging agency | DLC |
| Transcribing agency | DLC |
| Modifying agency | DLC |
| -- | (BD-JhCC) |
| 041 ## - LANGUAGE CODE | |
| Language code of Book | eng |
| 050 00 - LIBRARY OF CONGRESS CALL NUMBER | |
| Classification number | GB1203.8 |
| Item number | .R58 |
| 082 00 - DEWEY DECIMAL CLASSIFICATION NUMBER | |
| Classification number | 910/.02/1693 |
| Author mark and Year | RIV 1965 |
| 245 00 - TITLE STATEMENT | |
| Title | Rivers of the world / |
| 260 ## - PUBLICATION, DISTRIBUTION, ETC. (IMPRINT) | |
| Place of publication, distribution, etc | London : |
| Name of publisher, distributor, etc | Oxford University Press, |
| Date of publication, distribution, etc | 1965- |
| 300 ## - PHYSICAL DESCRIPTION | |
| Pagination | v. : |
| Other physical details | ill. ; |
| Dimensions | 21 cm. |
| 490 ## - SERIES STATEMENT | |
| Series statement | Series 2 |
| 505 1# - FORMATTED CONTENTS NOTE | |
| Formatted contents note | --ser. 3. Popescu, J. The Danube. Popescu, J. The Volga. Whittam, G. The Rhine. Popescu, J. The Po. Hoffer, M. The Vistula. MacColl, A. The Loire. |
| 650 #0 - SUBJECT ADDED ENTRY--TOPICAL TERM | |
| Topical term or geographic name as entry element | Rivers |
| General subdivision | Juvenile literature. |
| 942 ## - ADDED ENTRY ELEMENTS (KOHA) | |
| Source of classification or shelving scheme | Dewey Decimal Classification |
| Koha item type | Books |
| Source of classification or shelving scheme | Damaged status | Not for loan | Home library | Current library | Shelving location | Date of accession | Total Checkouts | Full call number | Barcode | Date last seen | Copy number | Koha item type |
|---|---|---|---|---|---|---|---|---|---|---|---|---|
| Dewey Decimal Classification | JCC Rouf Library | JCC Rouf Library | General Stacks | 02/04/2018 | 910/.02/1693 RIV 1965 | 8667 | 02/04/2018 | C - 1 | Books |